Phát triển bền vững văn hóa của người Khơ Mú ở Điện Biên
Trình bày một số vấn đề lý luận và thực tiễn văn hóa, phát triển bền vững văn hóa tộc người. Khái quát về người Khơ Mú ở Điện Biên. Thực trạng văn hóa của người Khơ Mú ở Điện Biên hiện nay trên quan điểm phát triển bền vững...
Bewaard in:
| Hoofdauteur: | |
|---|---|
| Formaat: | Boek |
| Taal: | Undetermined |
| Gepubliceerd in: |
Hà Nội
Nxb. Đại học Quốc gia Hà Nội
2020
|
| Onderwerpen: | |
| Tags: |
Voeg label toe
Geen labels, Wees de eerste die dit record labelt!
|
| Thư viện lưu trữ: | Trung tâm Học liệu Trường Đại học Cần Thơ |
|---|
| LEADER | 01197nam a2200193Ia 4500 | ||
|---|---|---|---|
| 001 | CTU_240109 | ||
| 008 | 210402s9999 xx 000 0 und d | ||
| 082 | |a 305.89593 | ||
| 082 | |b H404 | ||
| 100 | |a Nguyễn, Thị Thu Hoài | ||
| 245 | 0 | |a Phát triển bền vững văn hóa của người Khơ Mú ở Điện Biên | |
| 245 | 0 | |c Nguyễn Thị Thu Hoài | |
| 260 | |a Hà Nội | ||
| 260 | |b Nxb. Đại học Quốc gia Hà Nội | ||
| 260 | |c 2020 | ||
| 520 | |a Trình bày một số vấn đề lý luận và thực tiễn văn hóa, phát triển bền vững văn hóa tộc người. Khái quát về người Khơ Mú ở Điện Biên. Thực trạng văn hóa của người Khơ Mú ở Điện Biên hiện nay trên quan điểm phát triển bền vững và một số phương hướng phát triển bền vững văn hóa tộc người Khơ Mú Điện Biên trong bối cảnh hiện nay | ||
| 650 | |a Phong tục tập quán,Manners and customs | ||
| 910 | |b nthai | ||
| 980 | |a Trung tâm Học liệu Trường Đại học Cần Thơ | ||